The giant book of the unknown

Bibliographic Details
Format: Book
Published: London : Magpie Books , 1992
Subjects:

MARC

LEADER 00000cam a2200000 7i4500
001 0000009352
002 000010183
005 20000330.0
020 |a 1854871188 
090 0 0 |a F   |b GIA 
245 1 4 |a The giant book of the unknown 
260 |a London :   |b Magpie Books ,   |c 1992 
300 |a 487 p. ;   |c 24 cm. 
650 0 0 |a Mystery stories 
999 |a 040950   |b BUKU   |c PINJAMAN   |e PERPUSTAKAAN KOMUNITI PETALING JAYA